Probability and Statistics for Engineering and Sciences / (Record no. 31601)

000 -LEADER
fixed length control field 00648cam a2200229 a 4500
003 - CONTROL NUMBER IDENTIFIER
control field Nust
005 - DATE AND TIME OF LATEST TRANSACTION
control field 20211116161016.0
008 - FIXED-LENGTH DATA ELEMENTS--GENERAL INFORMATION
fixed length control field 170112b xxu||||| |||| 00| 0 eng d
020 ## - INTERNATIONAL STANDARD BOOK NUMBER
International Standard Book Number 0534399339
038 ## - RECORD CONTENT LICENSOR
Staff Name khadija
040 ## - CATALOGING SOURCE
Transcribing agency .
082 00 - DEWEY DECIMAL CLASSIFICATION NUMBER
Classification number 519.2 DEV
100 1# - MAIN ENTRY--PERSONAL NAME
Personal name Devore, Jay L.
9 (RLIN) 84297
245 10 - TITLE STATEMENT
Title Probability and Statistics for Engineering and Sciences /
250 ## - EDITION STATEMENT
Edition statement 6th ed.
260 ## - PUBLICATION, DISTRIBUTION, ETC.
Place of publication, distribution, etc. Belmont, CA :
Name of publisher, distributor, etc. Thomson-Brooks/Cole,
Date of publication, distribution, etc. c2004.
300 ## - PHYSICAL DESCRIPTION
Extent xvi, 795 p. :
Other physical details ill. (some col.) ;
Accompanying material 1 CD-ROM (4 3/4 in.)
563 ## - BINDING INFORMATION
Binding note hardcover
650 #0 - SUBJECT ADDED ENTRY--TOPICAL TERM
Topical term or geographic name entry element Probabilities.
9 (RLIN) 79
650 #0 - SUBJECT ADDED ENTRY--TOPICAL TERM
Topical term or geographic name entry element Mathematical statistics.
9 (RLIN) 61
942 ## - ADDED ENTRY ELEMENTS (KOHA)
Koha item type Book
Source of classification or shelving scheme
Holdings
Withdrawn status Lost status Source of classification or shelving scheme Damaged status Not for loan Permanent Location Current Location Shelving location Date acquired Full call number Barcode Date last seen Price effective from Koha item type Public note
          School of Mechanical & Manufacturing Engineering (SMME) School of Mechanical & Manufacturing Engineering (SMME) General Stacks 07/02/2015 519.2 DEV SMME-315 03/27/2018 07/02/2015 Book Rack,47-Shelf,3
© 2023 Central Library, National University of Sciences and Technology. All Rights Reserved.